Pháp luật bảo vệ quyền lợi người tiêu dùng trong lĩnh vực kinh doanh Gas : Luận văn Thạc sĩ Luật học. Chuyên ngành Luật kinh tế
Trình bày cơ sở lý luận và thực trạng pháp luật về bảo vệ quyền lợi người tiêu dùng trong lĩnh vực kinh doanh gas và kiến nghị hoàn thiện.
محفوظ في:
| المؤلف الرئيسي: | |
|---|---|
| التنسيق: | كتاب |
| اللغة: | Undetermined |
| منشور في: |
Cần Thơ
Trường Đại học Cần Thơ
2018
|
| الموضوعات: | |
| الوسوم: |
إضافة وسم
لا توجد وسوم, كن أول من يضع وسما على هذه التسجيلة!
|
| Thư viện lưu trữ: | Trung tâm Học liệu Trường Đại học Cần Thơ |
|---|
| LEADER | 01154nam a2200229Ia 4500 | ||
|---|---|---|---|
| 001 | CTU_227589 | ||
| 008 | 210402s9999 xx 000 0 und d | ||
| 082 | |a 343.597071 | ||
| 082 | |b V500 | ||
| 100 | |a Phạm, Quang Vũ | ||
| 245 | 0 | |a Pháp luật bảo vệ quyền lợi người tiêu dùng trong lĩnh vực kinh doanh Gas : | |
| 245 | 0 | |b Luận văn Thạc sĩ Luật học. Chuyên ngành Luật kinh tế | |
| 245 | 0 | |c Phạm Quang Vũ ; Trần Thăng Long (Cán bộ hướng dẫn) | |
| 260 | |a Cần Thơ | ||
| 260 | |b Trường Đại học Cần Thơ | ||
| 260 | |c 2018 | ||
| 520 | |a Trình bày cơ sở lý luận và thực trạng pháp luật về bảo vệ quyền lợi người tiêu dùng trong lĩnh vực kinh doanh gas và kiến nghị hoàn thiện. | ||
| 650 | |a Consumer protection,Bảo vệ người tiêu dùng | ||
| 650 | |x Law and legislation,Luật và các văn bản quy phạm pháp luật | ||
| 650 | |z Vietnam,Việt Nam | ||
| 910 | |b nthai | ||
| 980 | |a Trung tâm Học liệu Trường Đại học Cần Thơ | ||